<?xml version="1.0" encoding="UTF-8"?>
<record
    xmlns:xsi="http://www.w3.org/2001/XMLSchema-instance"
    xsi:schemaLocation="http://www.loc.gov/MARC21/slim http://www.loc.gov/standards/marcxml/schema/MARC21slim.xsd"
    xmlns="http://www.loc.gov/MARC21/slim">

  <leader>01977cam a2200313 i 4500</leader>
  <controlfield tag="001">18049509</controlfield>
  <controlfield tag="003">OSt</controlfield>
  <controlfield tag="005">20210414114453.0</controlfield>
  <controlfield tag="008">140227s2014    maua     b    001 0 eng  </controlfield>
  <datafield tag="010" ind1=" " ind2=" ">
    <subfield code="a">  2014002354</subfield>
  </datafield>
  <datafield tag="020" ind1=" " ind2=" ">
    <subfield code="a">9780205960644</subfield>
  </datafield>
  <datafield tag="040" ind1=" " ind2=" ">
    <subfield code="a">DLC</subfield>
    <subfield code="b">eng</subfield>
    <subfield code="c">DLC</subfield>
    <subfield code="e">rda</subfield>
    <subfield code="d">DLC</subfield>
  </datafield>
  <datafield tag="042" ind1=" " ind2=" ">
    <subfield code="a">pcc</subfield>
  </datafield>
  <datafield tag="043" ind1=" " ind2=" ">
    <subfield code="a">n-us---</subfield>
  </datafield>
  <datafield tag="050" ind1="0" ind2="0">
    <subfield code="a">HM1221.W55</subfield>
  </datafield>
  <datafield tag="100" ind1="1" ind2=" ">
    <subfield code="a">Wilcox, Dennis L.</subfield>
  </datafield>
  <datafield tag="245" ind1="1" ind2="0">
    <subfield code="a">Public relations : Strategies and tactics. /</subfield>
    <subfield code="c">Dennis L. Wilcox. </subfield>
  </datafield>
  <datafield tag="250" ind1=" " ind2=" ">
    <subfield code="a">11th ed.</subfield>
  </datafield>
  <datafield tag="260" ind1=" " ind2=" ">
    <subfield code="a">Boston:</subfield>
    <subfield code="b">Pearson,</subfield>
    <subfield code="c">2015.</subfield>
  </datafield>
  <datafield tag="300" ind1=" " ind2=" ">
    <subfield code="a">624p. :</subfield>
    <subfield code="b"> ills.:</subfield>
    <subfield code="c">27cm.</subfield>
  </datafield>
  <datafield tag="500" ind1=" " ind2=" ">
    <subfield code="a">Includes bibliographical references and index.</subfield>
  </datafield>
  <datafield tag="505" ind1=" " ind2=" ">
    <subfield code="a">Contents: Role: Defining public relations -- The evolution and history of public relations -- Ethical considerations and the role of professional bodies -- The practice of public relations -- Process: The role and scope of research in public relations -- The public relations process -- Communication concepts and practice in public relations -- Evaluation and measurement of public relations programs -- Strategy: Public opinion: Role, scope and implications -- Conflict management and crisis communication -- Audiences -- Laws and applications -- Tactics: Internet and social media: Role &amp; scope in public relations -- Media relations management: Print media -- Media relations management: Electronic media -- Event management -- Application: Communicating corporate affairs -- Public relations in entertainment, sports, and tourism -- Public relations in government -- Global public relations in an interdependent world -- Public relations in non-profit, health, and education sectors.</subfield>
  </datafield>
  <datafield tag="650" ind1=" " ind2="0">
    <subfield code="a">Public relations.</subfield>
  </datafield>
  <datafield tag="650" ind1=" " ind2="0">
    <subfield code="a">Public relations</subfield>
    <subfield code="z">United States.</subfield>
  </datafield>
  <datafield tag="700" ind1="1" ind2=" ">
    <subfield code="a">Cameron, Glen T.</subfield>
  </datafield>
  <datafield tag="700" ind1="1" ind2=" ">
    <subfield code="a">Reber, Bryan H.</subfield>
  </datafield>
  <datafield tag="942" ind1=" " ind2=" ">
    <subfield code="2">lcc</subfield>
    <subfield code="c">BK</subfield>
  </datafield>
  <datafield tag="999" ind1=" " ind2=" ">
    <subfield code="c">5601</subfield>
    <subfield code="d">13101</subfield>
  </datafield>
  <datafield tag="952" ind1=" " ind2=" ">
    <subfield code="0">0</subfield>
    <subfield code="1">0</subfield>
    <subfield code="2">lcc</subfield>
    <subfield code="4">0</subfield>
    <subfield code="7">0</subfield>
    <subfield code="a">WIUC-1</subfield>
    <subfield code="b">WIUC-1</subfield>
    <subfield code="c">REF</subfield>
    <subfield code="d">2015-07-03</subfield>
    <subfield code="l">0</subfield>
    <subfield code="o">HM1221.W55</subfield>
    <subfield code="p">7852/279/15</subfield>
    <subfield code="r">2015-07-03 00:00:00</subfield>
    <subfield code="t">1</subfield>
    <subfield code="w">2015-07-03</subfield>
    <subfield code="y">BK</subfield>
  </datafield>
  <datafield tag="952" ind1=" " ind2=" ">
    <subfield code="0">0</subfield>
    <subfield code="1">0</subfield>
    <subfield code="2">lcc</subfield>
    <subfield code="4">0</subfield>
    <subfield code="7">0</subfield>
    <subfield code="a">WIUC-1</subfield>
    <subfield code="b">WIUC-1</subfield>
    <subfield code="c">REF</subfield>
    <subfield code="d">2015-07-08</subfield>
    <subfield code="l">0</subfield>
    <subfield code="o">HM1221.W551</subfield>
    <subfield code="p">7879/306/15</subfield>
    <subfield code="r">2015-07-08 00:00:00</subfield>
    <subfield code="t">2</subfield>
    <subfield code="w">2015-07-08</subfield>
    <subfield code="y">BK</subfield>
  </datafield>
</record>
